00324nam a22001217a 4500020001800000082001800018100001800036245006300054250001700117260003800134300002200172563000800194 a9780414099739 a346.0488bMEL aMellor, James aKerly's Law of Trade Marks and Trade Names /cJames Mellor a17TH Edition aEngland:bThomson Reuters,c2024. a1853 p. ;c24 cm. aHB.